|
|
|
|
| LEADER |
03339nam a22004575i 4500 |
| 001 |
978-3-540-26777-5 |
| 003 |
DE-He213 |
| 005 |
20151204164401.0 |
| 007 |
cr nn 008mamaa |
| 008 |
100301s2005 gw | s |||| 0|eng d |
| 020 |
|
|
|a 9783540267775
|9 978-3-540-26777-5
|
| 024 |
7 |
|
|a 10.1007/b138051
|2 doi
|
| 040 |
|
|
|d GrThAP
|
| 050 |
|
4 |
|a HB71-74
|
| 072 |
|
7 |
|a KC
|2 bicssc
|
| 072 |
|
7 |
|a BUS000000
|2 bisacsh
|
| 082 |
0 |
4 |
|a 330
|2 23
|
| 100 |
1 |
|
|a Siebert, Horst.
|e author.
|
| 245 |
1 |
0 |
|a Economics of the Environment
|h [electronic resource] :
|b Theory and Policy /
|c by Horst Siebert, Stephen Muller.
|
| 250 |
|
|
|a Sixth Edition.
|
| 264 |
|
1 |
|a Berlin, Heidelberg :
|b Springer Berlin Heidelberg,
|c 2005.
|
| 300 |
|
|
|a XIV, 325 p.
|b online resource.
|
| 336 |
|
|
|a text
|b txt
|2 rdacontent
|
| 337 |
|
|
|a computer
|b c
|2 rdamedia
|
| 338 |
|
|
|a online resource
|b cr
|2 rdacarrier
|
| 347 |
|
|
|a text file
|b PDF
|2 rda
|
| 505 |
0 |
|
|a The Problem -- Using the Environment — An Allocation Problem -- Static Allocation Aspect -- Production Theory and Transformation Space -- Optimal Environmental Use -- Environmental Quality as a Public Good -- Property-Rights Approach to the Environmental Problem -- Environmental-Policy Instruments -- Incidence of an Emission Tax -- Policy Instruments -- Policy Instruments and the Casuistics of Pollution -- The Political Economy of Environmental Scarcity -- Environmental Allocation in Space -- Environmental Endowment, Competitiveness and Trade -- Transfrontier Pollution -- Global Environmental Media -- Regional Aspects of Environmental Allocation -- Environmental Allocation in Time and under Uncertainty -- Long-Term Aspects of Environmental Quality -- Economic Growth, Sustainability and Environmental Quality -- Risk and Environmental Allocation.
|
| 520 |
|
|
|a „The labor of nature is paid, not because she does much, but because she does little. In proportion as she becomes niggardly in her gifts, she exacts a greater price for her work. Where she is munificently bene- cent, she always works gratis.“ David Ricardo* This book interprets nature and the environment as a scarce resource. Whereas in the past people lived in a paradise of environmental superabundance, at p- sent environmental goods and services are no longer in ample supply. The en- ronment fulfills many functions for the economy: it serves as a public-c- sumption good, as a provider of natural resources, and as receptacle of waste. These different functions compete with each other. Releasing more pollutants into the environment reduces environmental quality, and a better environm- tal quality implies that the environment’s use as a receptacle of waste has to be restrained. Consequently, environmental disruption and environmental use are by nature allocation problems. This is the basic message of this book.
|
| 650 |
|
0 |
|a Economics.
|
| 650 |
|
0 |
|a Management science.
|
| 650 |
|
0 |
|a Environmental economics.
|
| 650 |
1 |
4 |
|a Economics.
|
| 650 |
2 |
4 |
|a Economics, general.
|
| 650 |
2 |
4 |
|a Environmental Economics.
|
| 700 |
1 |
|
|a Muller, Stephen.
|e author.
|
| 710 |
2 |
|
|a SpringerLink (Online service)
|
| 773 |
0 |
|
|t Springer eBooks
|
| 776 |
0 |
8 |
|i Printed edition:
|z 9783540220619
|
| 856 |
4 |
0 |
|u http://dx.doi.org/10.1007/b138051
|z Full Text via HEAL-Link
|
| 912 |
|
|
|a ZDB-2-SBE
|
| 950 |
|
|
|a Business and Economics (Springer-11643)
|